00269nam a2200085Ia 4500008004100000100002900041245006100070260004300131260000900174170620s9999 xx 000 0 und d aPachauri- Girish (Hindi) 0aShiksha ke darshnik evam samajshastriya sidhanth (Hindi) bMeerut- International Publishing House c2006